000 00310nam a2200133Ia 4500
008 231129s1993||||xx |||||||||||||| ||spa||
040 _bspa
082 _aE863.64 o42m
100 _aOlaizola Jose Luis
245 0 _aMicaela no sabe jugar
260 _c1993
264 _aEdilux Ediciones
942 _2ddc
_cBKS
999 _c21151
_d21151